Postacie League of Legends - Wersja Prostsza - Statystyki

Ogólne statystyki
  • Ten quiz został rozwiązany 3 773 razy
  • Średni wynik to 79 z 142
Statystyki odpowiedzi
Podpowiedź Postać % Poprawnych
Lisica o Dziewięciu Ogonach Ahri
94%
Smutna Mumia Amumu
94%
Lodowa Łuczniczka Ashe
93%
Minotaur Alistar
89%
Ostrze Darkinów Aatrox
88%
Skryta Zabójczyni Akali
88%
Ręka Noxusu Darius
84%
Kriofeniks Anivia
82%
Potęga Demacii Garen
81%
Dziecko Ciemności Annie
80%
Architekt Gwiazd Aurelion Sol
79%
Imperator Pustyni Azir
79%
Płomień Zemsty Brand
79%
Wielki Golem Parowy Blitzcrank
78%
Szeryf Piltover Caitlyn
77%
Królowa Pająków Elise
75%
Władca Cieni Zed
75%
Wężowy Uścisk Cassiopeia
74%
Chłopiec, który ujarzmił czas Ekko
74%
Ślepy Mnich Lee Sin
73%
Pani Jasności Lux
73%
Wędrujący Opiekun Bard
71%
Pokutnik Yasuo
70%
Wystrzałowa Wariatka Jinx
69%
Stróż Prawa z Piltover Vi
67%
Pogarda Księżyca Diana
66%
Mistrzyni Fechtunku Fiora
65%
Złowieszcze Ostrze Katarina
65%
Szermierz Wuju Master Yi
64%
Postrach Siedmiu Mórz Gangplank
63%
Małpi Król Wukong
63%
Strażnik Czasu Zilean
63%
Wielki Oprawca Draven
62%
Odkrywca z Powołania Ezreal
62%
Wielbiony Wynalazca Heimerdinger
62%
Żniwiarz Cienia Kayn
62%
Upadła Morgana
62%
Wyzwolony z Kajdan Sylas
62%
Kolos Galio
61%
Tańcząca z Ostrzami Irelia
61%
Wiedźma Lodu Lissandra
61%
Mag Run Ryze
61%
Mistrz Kart Twisted Fate
61%
Wirtuoz Jhin
60%
Córa Pustki Kai'Sa
60%
Demoniczny Błazen Shaco
60%
Szczur Zarazy Twitch
60%
Zielony Ojciec Ivern
59%
Dzielny Bombardier Corki
58%
Karczemny Zabijaka Gragas
58%
Sprawiedliwa Kayle
58%
Łowczyni Nagród Miss Fortune
58%
Kustosz Pustyni Nasus
58%
Mechaniczna Baletnica Orianna
58%
Wirtuozka Strun Sona
58%
Dumna Kanonierka Tristana
58%
Oko Pustki Vel'Koz
58%
Hextechowy Saper Ziggs
58%
Postrach Pustki Cho'Gath
57%
Łowca Pustki Kha'Zix
57%
Strażniczka Młota Poppy
57%
Półsmok Shyvana
57%
Szalony Chemik Singed
57%
Wiedźma Cierni Zyra
57%
Wróżkowa Czarodziejka Lulu
56%
Okruch Monolitu Malphite
56%
Zwierzęca Łowczyni Nidalee
56%
Wieczny Koszmar Nocturne
56%
Pancerznik Rammus
56%
Król Trolli Trundle
56%
Spaczony Drzewiec Maokai
55%
Chłopiec i jego Yeti Nunu i Willump
55%
Berserker Olaf
55%
Rozpruwacz z Krwawego Portu Pyke
55%
Kapłanka Krakena Illaoi
54%
Wędrowiec Pustki Kassadin
54%
Władczyni Przypływów Nami
54%
Tytan Głębin Nautilus
54%
Szaleniec z Zaun Dr Mundo
53%
Promyk Jutrzenki Leona
53%
Ogień z Wnętrza Góry Ornn
53%
Uwodziciel Rakan
53%
Łowca Rengar
53%
Chyży Zwiadowca Teemo
53%
Wzór dla Demacian Jarvan IV
52%
Włócznia Zemsty Kalista
52%
Ciekawski Kameleon Neeko
52%
Furia Pustki Rek'Sai
52%
Nieposkromiony Postrach Zaun Warwick
52%
Banita Graves
51%
Pustynny Rzeźnik Renekton
51%
Wielki Generał Noxusu Swain
49%
Buntowniczka Xayah
49%
Wyniesiony Mag Xerath
49%
Mistrz Broni Jax
48%
Piewca Śmierci Karthus
48%
Kleryk Broni Lucian
48%
Gwiezdne Dziecko Soraka
48%
Szachraj Sztormów Fizz
47%
Szał Burzy Janna
47%
Cień Ostrza Talon
47%
Uścisk Śmierci Evelynn
46%
Rzeczny Król Tahm Kench
46%
Nocna Łowczyni Vayne
46%
Ryk Gromu Volibear
46%
Aspekt Zmierzchu Zoe
46%
Prorok Pustki Malzahar
45%
Żelazny Upiór Mordekaiser
45%
Król Barbarzyńców Tryndamere
45%
Strzała Odkupienia Varus
45%
Tajna Broń Zac
45%
Stalowy Cień Camille
44%
Obrońca Jutra Jayce
44%
Wieczni Łowcy Kindred
44%
Strażnik Łańcuchów Thresh
44%
Serce Nawałnicy Kennen
43%
Tarcza Valoranu Taric
43%
Panicz Zła Veigar
43%
Zwiastun Maszyn Viktor
43%
Pasterz Dusz Yorick
43%
Brakujące Ogniwo Gnar
42%
Nieumarły Niszczyciel Sion
42%
Cień Wojny Hecarim
41%
Seneszal Demacii Xin Zhao
41%
Mistrz Wojennego Rzemiosła Pantheon
40%
Oko Zmierzchu Shen
40%
Tkaczka Skał Taliyah
40%
Motor Agonii Urgot
40%
Oszustka LeBlanc
39%
Oświecona Karma
38%
Pani Wojny Sivir
38%
Kryształowy Strażnik Skarner
38%
Paszcza Otchłani Kog'Maw
37%
Skrzydła Demacii Quinn
37%
Wygnaniec Riven
37%
Zmechanizowany Zabijaka Rumble
37%
Gniew Północy Sejuani
36%
Mroczna Władczyni Syndra
36%
Zwiastun Zagłady Fiddlesticks
35%
Swarliwy Rajtaj Kled
35%
Krwiożerczy Żniwiarz Vladimir
35%
Duchowy Wędrowca Udyr
27%
Nie znaleziono quizów pasujących do podanych kryteriów
Rozkład punktacji
Procent ludzi z każdym wynikiem
Percentyl według liczby udzielonych odpowiedzi
Twoja historia wyników
Nie rozwiązałeś tego quizu